00795nam a2200217Ia 4500008004100000020001700041040001400058082002100072100004600093245007000139250001100209260003600220300001400256365002800270366000800298505002000306620009400326630007000420650001700490730007000507100315s9999 xx 000 0 und d a8171944442  cENGLISH  b5959 a336.24  a"Singhania, Vinod K., Singhania, Monica " aTaxmann Student's Guide to Income Tax including Central Sales Tax a36th  aNew Delhi bTaxmann  c2006  a1125p.   eRupees d1 b370.00  f0  gTushar Jadhav  a"Residential status, Tax Incidence,salaries, income from house property, Capital gains " aTaxmann Student's Guide to Income Tax including Central Sales Tax aincome tax  aTaxmann Student's Guide to Income Tax including Central Sales Tax